Statistics for Random US States on an Empty Map

Click here to take the quiz!

General Stats

  • This quiz has been taken 1,241 times
  • The average score is 14 of 15

Answers on the Map

Answers color-coded by a green-red scale on the quiz's map according to % correct below.
 

Answer Stats

State% Correct
Florida
100%
Idaho
98%
California
97%
Maine
97%
Texas
97%
Washington
97%
Alaska
96%
Virginia
95%
Hawaii
94%
Michigan
94%
Montana
94%
South Carolina
94%
Colorado
93%
New Mexico
93%
North Dakota
93%
Oklahoma
93%
Oregon
93%
Wyoming
93%
Louisiana
92%
Arizona
91%
Minnesota
91%
South Dakota
91%
Illinois
90%
Georgia
89%
Nevada
89%
New York
89%
North Carolina
89%
Ohio
89%
Kansas
88%
Wisconsin
88%
New Jersey
87%
Rhode Island
87%
Utah
87%
Connecticut
86%
Delaware
86%
Indiana
86%
Alabama
85%
Mississippi
85%
Iowa
84%
Maryland
84%
Nebraska
83%
New Hampshire
83%
Pennsylvania
83%
Kentucky
82%
Missouri
82%
West Virginia
81%
Tennessee
80%
Arkansas
79%
Massachusetts
76%
Vermont
76%

Score Distribution

Percentile by Number Answered

Percent of People with Each Score

Your Score History

You have not taken this quiz